书目信息 |
| 题名: |
企业创新的理论与实务
|
|
| 作者: | 王建 著 | |
| 分册: | ||
| 出版信息: | 北京 新华出版社 2000 |
|
| 页数: | 413页 | |
| 开本: | 20cm | |
| 丛书名: | 国企改革新视野丛书 | |
| 单 册: | ||
| 中图分类: | F279.261 | |
| 科图分类: | ||
| 主题词: | 国有企业--经济体制改革--研究 | |
| 电子资源: | ||
| ISBN: | 7-5011-4840-6 | |
| 000 | 00648nam0 2200217 450 | |
| 001 | 0764532607 | |
| 005 | 20070729094224.50 | |
| 010 | @a7-5011-4840-6@dCNY26.00 | |
| 100 | @a20070726d2000 km y0chiy0120 ea | |
| 101 | 0 | @achi |
| 102 | @aCN@b110000 | |
| 200 | 1 | @a企业创新的理论与实务@Aqi ye chuang xin de li lun yu shi wu@f王建等著@Fwang jian deng zhu |
| 210 | @a北京@c新华出版社@d2000 | |
| 215 | @a413页@d20cm | |
| 225 | 2 | @a国企改革新视野丛书 |
| 410 | 0 | @12001 @a国企改革新视野丛书 |
| 606 | 0 | @a国有企业@x经济体制改革@x研究 |
| 690 | @aF279.261@v3 | |
| 701 | 0 | @a王建@Awang jian@4著 |
| 801 | 0 | @aCN@bPFT@c20070729 |
| 905 | @a10447@dF279.261@e687 | |
| 企业创新的理论与实务/王建等著.-北京:新华出版社,2000 |
| 413页;20cm.-(国企改革新视野丛书) |
| ISBN 7-5011-4840-6:CNY26.00 |
| ● |
| 相关链接 |
|
|
|
|
正题名:企业创新的理论与实务
索取号:F279.261/687
 
预约/预借
| 序号 | 登录号 | 条形码 | 馆藏地/架位号 | 状态 | 备注 |
| 1 | 0783983 | 207839838 | 第一样本阅览室/ [索取号:F279.261/687] | 在馆 |